[Event "Reykjavik ISL-ch op"]
[Site "Reykjavik"]
[Date "2020.08.29"]
[Round "8"]
[White "Sigurvaldason, Hjalmar"]
[Black "Moller, Tomas"]
[Result "0-1"]
[WhiteElo "1474"]
[BlackElo "1286"]
[PlyCount "62"]
[EventDate "2020.08.22"]
[EventType "swiss"]
[EventRounds "9"]
[EventCountry "ISL"]
[SourceTitle "CBM 198 Extra"]
[Source "ChessBase"]
[SourceDate "2020.11.30"]
[SourceVersion "1"]
[SourceVersionDate "2020.11.30"]
[SourceQuality "1"]

1. d4 f5 2. Bg5 g6 3. Nf3 Bg7 4. Nc3 Nh6 5. Qd2 Nf7 6. e4 fxe4 7. Nxe4 d5 8. Ng3 Bg4 9. h3 Bxf3 10. gxf3 Nxg5 11. Qxg5 Bxd4 12. 0-0-0 Bxf2 13. Rxd5 Be3+ 14. Qxe3 Qxd5 15. Qc3 Rf8 16. Bg2 Qg5+ 17. f4 Qxf4+ 18. Kb1 c6 19. a3 Nd7 20. Rf1 Qe5 21. Rxf8+ Kxf8 22. Qb3 Nc5 23. Qf3+ Kg7 24. h4 Rf8 25. Qg4 Qe1+ 26. Ka2 Qe6+ 27. Qxe6 Nxe6 28. Ne4 Rf4 29. Ng5 Nxg5 30. hxg5 Rg4 31. Bf3 Rxg5 0-1

[Event "Reykjavik Congress"]
[Site "Reykjavik"]
[Date "2020.01.08"]
[Round "2"]
[White "Sigurvaldason, Hjalmar"]
[Black "Gardarsson, Halldor"]
[Result "0-1"]
[WhiteElo "1469"]
[BlackElo "1804"]
[PlyCount "92"]
[EventDate "2020.01.05"]
[EventType "swiss"]
[EventRounds "9"]
[EventCountry "ISL"]
[SourceTitle "CBM 194 Extra"]
[Source "ChessBase"]
[SourceDate "2020.03.31"]
[SourceVersion "1"]
[SourceVersionDate "2020.03.31"]
[SourceQuality "1"]

1. d4 d5 2. Bf4 Nf6 3. e3 c6 4. c3 Bf5 5. Bd3 Bg4 6. Qc2 h6 7. Nd2 Nbd7 8. Ngf3 c5 9. h3 Be6 10. Ne5 Nxe5 11. dxe5 Nd7 12. Bg3 g6 13. f4 c4 14. Be2 Nc5 15. 0-0 Bf5 16. e4 Nxe4 17. Nxe4 Bxe4 18. Qa4+ Qd7 19. Qxd7+ Kxd7 20. a4 e6 21. Bf2 b6 22. Rfe1 Kc6 23. g4 Bc2 24. Bd4 Bc5 25. Bd1 Bd3 26. Be2 Bxe2 27. Rxe2 a5 28. Bxc5 Kxc5 29. Kf2 Rhb8 30. Ke3 b5 31. axb5 Rxb5 32. Rf2 a4 33. Ra3 Rb3 34. Rxb3 cxb3 35. Kd3 Rb8 36. Rf1 Rc8 37. f5 gxf5 38. gxf5 Rg8 39. fxe6 Rg3+ 40. Kd2 fxe6 41. Rf6 Rg2+ 42. Kc1 Kc4 43. Rf4+ Kd3 44. Rd4+ Ke3 45. Rd1 Rc2+ 46. Kb1 Re2 0-1

[Event "Reykjavik Taflfelag op"]
[Site "Reykjavik"]
[Date "2019.10.16"]
[Round "1"]
[White "Sigurvaldason, Hjalmar"]
[Black "Johannsdottir, Johanna Bjorg"]
[Result "0-1"]
[WhiteElo "1422"]
[BlackElo "1894"]
[PlyCount "58"]
[EventDate "2019.10.16"]
[EventType "swiss"]
[EventRounds "7"]
[EventCountry "ISL"]
[SourceTitle "CBM 193 Extra"]
[Source "ChessBase"]
[SourceDate "2020.01.31"]
[SourceVersion "1"]
[SourceVersionDate "2020.01.31"]
[SourceQuality "1"]

1. d4 Nf6 2. Nf3 g6 3. Nc3 Bg7 4. e4 d6 5. Bf4 0-0 6. Qd2 Re8 7. Bc4 c6 8. Bb3 b5 9. Ng5 Rf8 10. f3 h6 11. Nh3 Bxh3 12. gxh3 Kh7 13. 0-0-0 a5 14. a4 b4 15. Ne2 Qc8 16. Ng1 c5 17. dxc5 Qxc5 18. Be3 Qc7 19. Ne2 Nbd7 20. Nd4 Nc5 21. Kb1 Qd7 22. Qg2 Nh5 23. Nb5 Nxb3 24. cxb3 Rac8 25. Rc1 d5 26. Bb6 dxe4 27. fxe4 Qe6 28. Ka2 Qxb6 29. Qg4 Qf2 0-1

[Event "Reykjavik op"]
[Site "Reykjavik"]
[Date "2019.04.10"]
[Round "4"]
[White "Finnsson, Johann Arnar"]
[Black "Sigurvaldason, Hjalmar"]
[Result "1-0"]
[WhiteElo "1776"]
[BlackElo "1467"]
[PlyCount "91"]
[EventDate "2019.04.08"]
[EventType "swiss"]
[EventRounds "9"]
[EventCountry "ISL"]
[SourceTitle "CBM 189 Extra"]
[Source "ChessBase"]
[SourceDate "2019.06.03"]
[SourceVersion "1"]
[SourceVersionDate "2019.06.03"]
[SourceQuality "1"]

1. e4 d6 2. d4 Nf6 3. Nc3 e5 4. dxe5 dxe5 5. Qxd8+ Kxd8 6. Bg5 Be7 7. 0-0-0+ Ke8 8. Nf3 Bg4 9. Rd2 Bxf3 10. gxf3 a6 11. Bh3 Nc6 12. f4 Bd6 13. Bxf6 gxf6 14. Nd5 exf4 15. Nxf6+ Ke7 16. Nd5+ Kf8 17. Rd3 Ne5 18. Rb3 b5 19. Nxf4 Ng6 20. Ne2 Nf4 21. Nxf4 Bxf4+ 22. Kb1 Ke7 23. Rd3 Rad8 24. Bf5 Rxd3 25. cxd3 Kd6 26. Rg1 Be5 27. h3 h6 28. Rg4 a5 29. f4 Bd4 30. e5+ Kc5 31. Rg7 c6 32. Rxf7 Rg8 33. Be4 Rg1+ 34. Kc2 Rf1 35. Rf6 Rf2+ 36. Kd1 Kb4 37. Rxc6 Rxb2 38. e6 Bc5 39. Rxc5 Kxc5 40. e7 Kb4 41. e8Q Rxa2 42. Bc6 a4 43. Bxb5 a3 44. Bc4 Ra1+ 45. Kc2 a2 46. Qb5+ 1-0

[Event "Reykjavik Congress"]
[Site "Reykjavik"]
[Date "2019.01.09"]
[Round "2"]
[White "Sigurvaldason, Hjalmar"]
[Black "Sharifa, Rayan"]
[Result "0-1"]
[WhiteElo "1528"]
[BlackElo "1164"]
[PlyCount "42"]
[EventDate "2019.01.06"]
[EventType "swiss"]
[EventRounds "9"]
[EventCountry "ISL"]
[SourceTitle "CBM 188 Extra"]
[Source "ChessBase"]
[SourceDate "2019.02.26"]
[SourceVersion "1"]
[SourceVersionDate "2019.02.26"]
[SourceQuality "1"]

1. d4 d5 2. c4 e6 3. Nc3 Bb4 4. e3 c5 5. dxc5 Nc6 6. a3 Bxc3+ 7. bxc3 Qa5 8. Bb2 dxc4 9. Qd6 Nge7 10. Bxc4 0-0 11. Nf3 Rd8 12. Qg3 Qxc5 13. Ba2 Qb5 14. Rb1 Qd3 15. c4 Ng6 16. Nd4 Nxd4 17. Bxd4 e5 18. Bb2 Be6 19. Qf3 e4 20. Qe2 Bxc4 21. Bxc4 Qxb1+ 0-1

[Event "Reykjavik Taflfelag op"]
[Site "Reykjavik"]
[Date "2018.10.24"]
[Round "2"]
[White "Hallsson, Jon Eggert"]
[Black "Sigurvaldason, Hjalmar"]
[Result "0-1"]
[WhiteElo "1732"]
[BlackElo "1509"]
[PlyCount "59"]
[EventDate "2018.10.17"]
[EventType "swiss"]
[EventRounds "7"]
[EventCountry "ISL"]
[SourceTitle "CBM 187 Extra"]
[Source "ChessBase"]
[SourceDate "2018.11.04"]
[SourceVersion "1"]
[SourceVersionDate "2018.11.04"]
[SourceQuality "1"]

1. e4 d5 2. exd5 Qxd5 3. Nc3 Qa5 4. d4 c6 5. Nf3 Bg4 6. Bc4 Bxf3 7. Qxf3 Nf6 8. Bd2 Qb6 9. 0-0 e6 10. Rfe1 Be7 11. Ne2 0-0 12. Bd3 Nbd7 13. Qg3 Rfe8 14. Bh6 Bf8 15. a4 a5 16. c4 c5 17. Be3 e5 18. dxc5 Nxc5 19. Bxc5 Bxc5 20. b3 e4 21. Bc2 e3 22. f3 Rad8 23. Kh1 Rd2 24. Rac1 Ba3 25. Nc3 Bxc1 26. Rxc1 Qd4 27. Ne4 Rxc2 28. Nxf6+ Kh8 29. Re1 gxf6 30. h4 0-1

[Event "Reykjavik TR CC-C"]
[Site "Reykjavik"]
[Date "2018.09.19"]
[Round "4"]
[White "Sigurvaldason, Hjalmar"]
[Black "Finnsson, Johann Arnar"]
[Result "0-1"]
[WhiteElo "1515"]
[BlackElo "1711"]
[PlyCount "84"]
[EventDate "2018.09.09"]
[EventType "tourn"]
[EventRounds "7"]
[EventCountry "ISL"]
[SourceTitle "CBM 187 Extra"]
[Source "ChessBase"]
[SourceDate "2018.11.04"]
[SourceVersion "1"]
[SourceVersionDate "2018.11.04"]
[SourceQuality "1"]

1. d4 d6 2. c4 g6 3. Nc3 Bg7 4. Nf3 Nc6 5. Bg5 h6 6. Bh4 f5 7. e3 Nf6 8. Bxf6 Bxf6 9. Be2 0-0 10. Qd2 e5 11. d5 Ne7 12. e4 Bg7 13. 0-0-0 g5 14. Bd3 Ng6 15. exf5 Bxf5 16. Bxf5 Rxf5 17. Ne1 Qd7 18. f3 a6 19. Nd3 Nf4 20. Nxf4 Rxf4 21. Qe2 Raf8 22. Rhf1 Qf5 23. Ne4 g4 24. Nd2 gxf3 25. Rxf3 Qg4 26. h3 Qh5 27. Re3 Qg6 28. Ne4 h5 29. g3 R4f7 30. h4 Bh6 31. Ng5 Bxg5 32. hxg5 Qxg5 33. Kb1 Rf2 34. Qd3 Qf5 35. Qxf5 R8xf5 36. Rb3 b6 37. a4 a5 38. Ka2 R2f3 39. Rxf3 Rxf3 40. Rg1 Kf7 41. g4 hxg4 42. Rxg4 Rf4 0-1

[Event "Reykjavik TR CC-C"]
[Site "Reykjavik"]
[Date "2018.09.09"]
[Round "1"]
[White "Sigurvaldason, Hjalmar"]
[Black "Gudmarsson, Olafur"]
[Result "1-0"]
[WhiteElo "1515"]
[BlackElo "1735"]
[PlyCount "139"]
[EventDate "2018.09.09"]
[EventType "tourn"]
[EventRounds "7"]
[EventCountry "ISL"]
[SourceTitle "CBM 187 Extra"]
[Source "ChessBase"]
[SourceDate "2018.11.04"]
[SourceVersion "1"]
[SourceVersionDate "2018.11.04"]
[SourceQuality "1"]

1. e4 e6 2. d4 b6 3. Bd3 Bb7 4. Nc3 h6 5. Nf3 Nf6 6. Bf4 c5 7. Qe2 Nc6 8. d5 Nh5 9. Bg3 Nxg3 10. fxg3 Na5 11. b3 Qc8 12. Nb5 c4 13. bxc4 a6 14. Nbd4 Bb4+ 15. Kf2 Bc3 16. Rab1 Qc5 17. Qe3 0-0 18. Nb3 Nxb3 19. Rxb3 Bb4 20. Rhb1 a5 21. Qxc5 Bxc5+ 22. Ke2 Rfe8 23. Kd2 Rec8 24. a4 Ba6 25. e5 Bb7 26. d6 f6 27. Nh4 fxe5 28. Ng6 Bxd6 29. Rxb6 Bc6 30. Nh4 Bc5 31. R6b2 e4 32. Be2 Kh7 33. Bh5 Bxa4 34. Bg6+ Kg8 35. Bxe4 Bc6 36. Bxc6 Rxc6 37. Rb8+ Rc8 38. Rxa8 Rxa8 39. c3 a4 40. Ra1 a3 41. Ra2 Rf8 42. Nf3 d6 43. Kd3 e5 44. Ke4 g5 45. h3 Rb8 46. Kd5 Rb3 47. Nxe5 Rb2 48. Ra1 Rd2+ 49. Kc6 a2 50. Nd7 Ba3 51. Nf6+ Kf7 52. Ne4 Re2 53. Nxd6+ Ke6 54. Nb5 Rxg2 55. Nxa3 Rxg3 56. Nb5 Rg2 57. c5 h5 58. Re1+ Kf6 59. Nd4 Rb2 60. Ra1 g4 61. hxg4 hxg4 62. Kc7 g3 63. Nf3 Rf2 64. Ng1 g2 65. c6 Rf1 66. Rxa2 Rxg1 67. Kc8 Ke7 68. Rb2 Kd6 69. c7 Kc6 70. Kb8 1-0

[Event "Reykjavik Faxaven op"]
[Site "Reykjavik"]
[Date "2018.05.02"]
[Round "7"]
[White "Sigurvaldason, Hjalmar"]
[Black "Bjarnason, Larus H"]
[Result "1/2-1/2"]
[WhiteElo "1499"]
[BlackElo "1563"]
[PlyCount "30"]
[EventDate "2018.03.21"]
[EventType "swiss"]
[EventRounds "7"]
[EventCountry "ISL"]
[SourceTitle "EXT 2019"]
[Source "ChessBase"]
[SourceDate "2018.10.10"]
[SourceVersion "1"]
[SourceVersionDate "2018.10.10"]
[SourceQuality "1"]

1. e4 c6 2. Nc3 e5 3. Bc4 d6 4. d3 Nf6 5. Be3 Be7 6. Bb3 0-0 7. h3 d5 8. exd5 cxd5 9. d4 e4 10. Nge2 Nc6 11. Qd2 a6 12. 0-0-0 Na5 13. g4 Nxb3+ 14. cxb3 b5 15. Kb1 Bb7 1/2-1/2

[Event "Reykjavik Faxaven op"]
[Site "Reykjavik"]
[Date "2018.04.04"]
[Round "3"]
[White "Masson, Kjartan"]
[Black "Sigurvaldason, Hjalmar"]
[Result "0-1"]
[WhiteElo "1745"]
[BlackElo "1499"]
[PlyCount "118"]
[EventDate "2018.03.21"]
[EventType "swiss"]
[EventRounds "7"]
[EventCountry "ISL"]
[SourceTitle "EXT 2019"]
[Source "ChessBase"]
[SourceDate "2018.10.10"]
[SourceVersion "1"]
[SourceVersionDate "2018.10.10"]
[SourceQuality "1"]

1. d4 Nf6 2. c4 e6 3. a3 b6 4. Nc3 d5 5. Bg5 Be7 6. e3 0-0 7. cxd5 exd5 8. Bd3 h6 9. Bxf6 Bxf6 10. Nge2 Ba6 11. Bxa6 Nxa6 12. Qa4 Nb8 13. Nf4 c6 14. b4 Qd6 15. Rd1 b5 16. Qb3 a5 17. 0-0 Nd7 18. Nd3 a4 19. Qc2 Nb6 20. Nc5 Ra7 21. e4 dxe4 22. N3xe4 Qd8 23. Nxf6+ Qxf6 24. Rd3 Re8 25. Rfd1 Rae7 26. Qc1 Nd5 27. g3 Qf5 28. Kg2 Re2 29. Rf3 Qg6 30. Nd3 Ne3+ 31. Rxe3 R8xe3 32. Kf1 Qe4 33. Qxe3 Rxe3 34. fxe3 Qh1+ 35. Ke2 Qxh2+ 36. Nf2 Qxg3 37. Rc1 Qg2 38. Rc5 Qg6 39. Nd3 f6 40. Nf4 Qe4 41. d5 cxd5 42. Nxd5 Qg2+ 43. Kd3 Qa2 44. Nc3 Qxa3 45. Rxb5 h5 46. Rb8+ Kh7 47. Kc4 Qb3+ 48. Kd4 Qe6 49. Rb5 g5 50. Nxa4 Qd6+ 51. Kc4 Qd2 52. Rb7+ Kg6 53. Re7 Qd6 54. Ra7 h4 55. b5 h3 56. Nc5 Qd2 57. b6 h2 58. b7 h1Q 59. b8Q Qhc1+ 0-1

[Event "Reykjavik op"]
[Site "Reykjavik"]
[Date "2018.03.12"]
[Round "7"]
[White "Sigurvaldason, Hjalmar"]
[Black "Magnusson, Magnus"]
[Result "0-1"]
[WhiteElo "1499"]
[BlackElo "2023"]
[PlyCount "80"]
[EventDate "2018.03.06"]
[EventType "swiss"]
[EventRounds "9"]
[EventCountry "ISL"]
[SourceTitle "CBM 183 Extra"]
[Source "ChessBase"]
[SourceDate "2018.04.19"]
[SourceVersion "1"]
[SourceVersionDate "2018.04.19"]
[SourceQuality "1"]

1. d4 Nf6 2. c4 e6 3. Nf3 Bb4+ 4. Nc3 Bxc3+ 5. bxc3 d6 6. Bg5 Nbd7 7. e3 h6 8. Bxf6 Qxf6 9. g3 0-0 10. Bg2 Re8 11. 0-0 Nf8 12. Nd2 e5 13. f4 exd4 14. exd4 c6 15. c5 Bf5 16. cxd6 Qxd6 17. Nc4 Qc7 18. a4 Rad8 19. a5 f6 20. Rf2 Be6 21. Nd2 Bd5 22. Bxd5+ cxd5 23. Qb3 Re3 24. Rf3 Re2 25. Nf1 Qd7 26. Re3 Re8 27. Rxe8 Rxe8 28. Rb1 Re7 29. c4 dxc4 30. Qxc4+ Kh8 31. Qc5 Ne6 32. Qxa7 Nxd4 33. Qb6 Qd5 34. Rb2 Ne2+ 35. Kf2 Nc3 36. Ne3 Qd3 37. Ng4 Nd1+ 38. Kg2 Nxb2 39. Nxf6 Re2+ 40. Kh3 Qf5+ 0-1

[Event "Reykjavik TR U2000 op"]
[Site "Reykjavik"]
[Date "2017.11.22"]
[Round "6"]
[White "Sigurvaldason, Hjalmar"]
[Black "Petersen, Jakob Alexander"]
[Result "0-1"]
[WhiteElo "1488"]
[BlackElo "1430"]
[PlyCount "78"]
[EventDate "2017.10.11"]
[EventType "swiss"]
[EventRounds "7"]
[EventCountry "ISL"]
[SourceTitle "CBM 181 Extra"]
[Source "ChessBase"]
[SourceDate "2017.12.12"]
[SourceVersion "1"]
[SourceVersionDate "2017.12.12"]
[SourceQuality "1"]

1. Nf3 d5 2. d4 Nf6 3. e3 Bf5 4. c4 e6 5. Qb3 b6 6. Nc3 Bd6 7. Bd2 dxc4 8. Bxc4 c6 9. 0-0 h6 10. Rfe1 Ne4 11. Rad1 Nd7 12. Nxe4 Bxe4 13. Ne5 Nxe5 14. dxe5 Bxe5 15. Bb4 Qg5 16. g3 Qf5 17. f4 Bc2 18. Qa3 Bxd1 19. Rxd1 Bc7 20. Bd6 Rd8 21. Rd4 Bxd6 22. Rxd6 0-0 23. Rxd8 Rxd8 24. Qc3 Qc5 25. b4 Qd6 26. Bb3 c5 27. b5 Qd3 28. Qc1 Qxb5 29. e4 Qb4 30. f5 exf5 31. exf5 b5 32. f6 Qd4+ 33. Kh1 c4 34. Bc2 Qxf6 35. Qe1 Qe6 36. Qb4 Qd5+ 37. Kg1 Qd2 38. Qe7 a5 39. Qe4 Qd4+ 0-1

[Event "Gardabaer-ch"]
[Site "Gardabaer"]
[Date "2017.10.30"]
[Round "3"]
[White "Sigurvaldason, Hjalmar"]
[Black "Heimisson, Hilmir Freyr"]
[Result "0-1"]
[WhiteElo "1488"]
[BlackElo "2185"]
[PlyCount "70"]
[EventDate "2017.10.13"]
[EventType "swiss"]
[EventRounds "7"]
[EventCountry "ISL"]
[SourceTitle "CBM 181 Extra"]
[Source "ChessBase"]
[SourceDate "2017.12.12"]
[SourceVersion "1"]
[SourceVersionDate "2017.12.12"]
[SourceQuality "1"]

1. d4 Nf6 2. c4 c5 3. Nf3 cxd4 4. Nxd4 Nc6 5. Nc3 g6 6. Nxc6 bxc6 7. Bg5 Bg7 8. Bxf6 Bxf6 9. Qd2 Rb8 10. Rc1 0-0 11. g3 Qa5 12. b3 d5 13. cxd5 cxd5 14. Bg2 e6 15. 0-0 Ba6 16. Bf3 Rfc8 17. Nb1 Qxd2 18. Nxd2 Bg5 19. Rxc8+ Rxc8 20. Rd1 Rc2 21. e3 Rxa2 22. Nf1 Bb5 23. h4 Bf6 24. Rc1 Kg7 25. Nh2 h5 26. Kg2 Rb2 27. Bd1 e5 28. Bc2 d4 29. exd4 exd4 30. Be4 d3 31. Rd1 Bd4 32. Nf3 Rxf2+ 33. Kh1 Bb6 34. Ne1 Rf1+ 35. Kg2 d2 0-1

[Event "Reykjavik TR U2000 op"]
[Site "Reykjavik"]
[Date "2017.10.11"]
[Round "1"]
[White "Briem, Stephan"]
[Black "Sigurvaldason, Hjalmar"]
[Result "1-0"]
[WhiteElo "1895"]
[BlackElo "1488"]
[PlyCount "61"]
[EventDate "2017.10.11"]
[EventType "swiss"]
[EventRounds "7"]
[EventCountry "ISL"]
[SourceTitle "CBM 181 Extra"]
[Source "ChessBase"]
[SourceDate "2017.12.12"]
[SourceVersion "1"]
[SourceVersionDate "2017.12.12"]
[SourceQuality "1"]

1. d4 Nf6 2. c4 e6 3. Nf3 Bb4+ 4. Bd2 Bxd2+ 5. Nbxd2 d5 6. e3 0-0 7. Bd3 b6 8. 0-0 Nbd7 9. Rc1 c5 10. Qe2 Bb7 11. Rfd1 Ne4 12. Ne5 f6 13. Nxd7 Qxd7 14. cxd5 exd5 15. Nxe4 dxe4 16. Bc4+ Kh8 17. dxc5 Qf5 18. cxb6 axb6 19. a3 Ra5 20. Qd2 h5 21. Qd6 Rfa8 22. Qxb6 Ba6 23. Rd8+ Rxd8 24. Qxd8+ Kh7 25. Qg8+ Kh6 26. Qh8+ Kg6 27. Bf7+ Kxf7 28. Rc7+ Ke6 29. Qe8+ Kd6 30. Qc6+ Ke5 31. Re7+ 1-0

[Event "Reykjavik Taflfelag op"]
[Site "Reykjavik"]
[Date "2017.09.10"]
[Round "3"]
[White "Sigurvaldason, Hjalmar"]
[Black "Omarsson, Adam"]
[Result "1-0"]
[WhiteElo "1498"]
[BlackElo "1149"]
[PlyCount "81"]
[EventDate "2017.09.06"]
[EventType "swiss"]
[EventRounds "9"]
[EventCountry "ISL"]
[SourceTitle "CBM 180 Extra"]
[Source "ChessBase"]
[SourceDate "2017.10.06"]
[SourceVersion "1"]
[SourceVersionDate "2017.10.06"]
[SourceQuality "1"]

1. Nf3 d5 2. c4 c6 3. b3 Bf5 4. d3 Nd7 5. Bb2 e6 6. Nbd2 Ngf6 7. h3 Bc5 8. e3 0-0 9. a3 Qe7 10. b4 Bd6 11. c5 Bc7 12. d4 b6 13. Be2 bxc5 14. dxc5 e5 15. 0-0 e4 16. Nh2 Ne5 17. Re1 Bb8 18. Nhf1 Qc7 19. Bxe5 Qxe5 20. Ba6 Bc7 21. Bb7 Rab8 22. Bxc6 Be6 23. Qa4 Qg5 24. f4 Qg6 25. Kh1 Rbc8 26. Bb7 Rb8 27. Qxa7 Qh6 28. Nh2 Nh5 29. Ndf1 Qg6 30. g4 Nf6 31. f5 Bxf5 32. gxf5 Qxf5 33. Ra2 Qxh3 34. Rg2 Rfe8 35. c6 Nh5 36. Qd4 Ng3+ 37. Nxg3 Bxg3 38. Rxg3 Qxg3 39. Rg1 Qe5 40. Qxe5 Rxe5 41. c7 1-0

[Event "Reykjavik Taflfelag op"]
[Site "Reykjavik"]
[Date "2017.09.08"]
[Round "2"]
[White "Olafsson, Arni"]
[Black "Sigurvaldason, Hjalmar"]
[Result "1-0"]
[WhiteElo "1217"]
[BlackElo "1498"]
[PlyCount "107"]
[EventDate "2017.09.06"]
[EventType "swiss"]
[EventRounds "9"]
[EventCountry "ISL"]
[SourceTitle "CBM 180 Extra"]
[Source "ChessBase"]
[SourceDate "2017.10.06"]
[SourceVersion "1"]
[SourceVersionDate "2017.10.06"]
[SourceQuality "1"]

1. e4 e6 2. d4 d5 3. Nd2 dxe4 4. Nxe4 Nf6 5. Ng3 Be7 6. Nf3 Nbd7 7. c3 0-0 8. Bd3 c5 9. Qe2 cxd4 10. Nxd4 Qc7 11. 0-0 a6 12. Ne4 b5 13. f4 Bb7 14. Ng5 Qb6 15. Be3 Bc5 16. b4 Bxd4 17. Bxd4 Qc6 18. c4 Rfe8 19. cxb5 Qd5 20. Bxf6 Nxf6 21. bxa6 Qd4+ 22. Kh1 Bd5 23. a3 e5 24. fxe5 Rxe5 25. Qd2 Qh4 26. Nf3 Bxf3 27. Rxf3 Rd5 28. b5 Rad8 29. Qe2 Ng4 30. h3 g6 31. Bc4 Re5 32. Qf1 Ne3 33. Bxf7+ Kg7 34. Qf2 Qxf2 35. Rxf2 Rxb5 36. Re1 Nf5 37. Bc4 Ra5 38. Rb1 Rxa3 39. Rb7+ Kh6 40. Ra2 Rc3 41. a7 Rc1+ 42. Kh2 Rdd1 43. g4 Rh1+ 44. Kg2 Ne3+ 45. Kf3 Rxh3+ 46. Ke4 Rxc4+ 47. Ke5 Nxg4+ 48. Ke6 Re3+ 49. Kd5 Rce4 50. a8Q Re5+ 51. Kc4 R3e4+ 52. Kb3 Re3+ 53. Ka4 R3e4+ 54. Rb4 1-0

[Event "Reykjavik op"]
[Site "Reykjavik"]
[Date "2017.04.27"]
[Round "10"]
[White "Tummasarson, Flovin M"]
[Black "Sigurvaldason, Hjalmar"]
[Result "0-1"]
[WhiteElo "1224"]
[BlackElo "1441"]
[PlyCount "66"]
[EventDate "2017.04.19"]
[EventType "swiss"]
[EventRounds "10"]
[EventCountry "ISL"]
[SourceTitle "CBM 178 Extra"]
[Source "ChessBase"]
[SourceDate "2017.06.22"]
[SourceVersion "1"]
[SourceVersionDate "2017.06.22"]
[SourceQuality "1"]

1. e4 d5 2. exd5 Qxd5 3. Nc3 Qa5 4. d4 c6 5. Nf3 Bg4 6. Bc4 Nf6 7. Be3 e6 8. a3 Qc7 9. 0-0 Bd6 10. h3 Bh5 11. Be2 Nbd7 12. Nd2 Bxe2 13. Qxe2 0-0 14. Nce4 Bf4 15. Rab1 e5 16. Bxf4 exf4 17. Qf3 Nxe4 18. Nxe4 Rae8 19. Nc3 Re7 20. d5 Nf6 21. dxc6 bxc6 22. Ne2 g5 23. c3 Ne4 24. Rfd1 f5 25. Nd4 c5 26. Ne2 Rfe8 27. Qh5 Nxf2 28. Qxg5+ Rg7 29. Qh5 Nxh3+ 30. Qxh3 Rxe2 31. Qxf5 Rgxg2+ 32. Kh1 Rh2+ 33. Kg1 Qg7+ 0-1

[Event "Reykjavik op"]
[Site "Reykjavik"]
[Date "2017.04.24"]
[Round "7"]
[White "Sigurvaldason, Hjalmar"]
[Black "Johannesson, Haki"]
[Result "0-1"]
[WhiteElo "1441"]
[BlackElo "1705"]
[PlyCount "88"]
[EventDate "2017.04.19"]
[EventType "swiss"]
[EventRounds "10"]
[EventCountry "ISL"]
[SourceTitle "CBM 178 Extra"]
[Source "ChessBase"]
[SourceDate "2017.06.22"]
[SourceVersion "1"]
[SourceVersionDate "2017.06.22"]
[SourceQuality "1"]

1. d4 c6 2. Bf4 d5 3. e3 Bf5 4. c4 dxc4 5. Bxc4 e6 6. Nc3 Nf6 7. Qb3 Qc8 8. Nf3 Nbd7 9. 0-0 h6 10. h3 Nb6 11. Nd2 Be7 12. Rfd1 0-0 13. Rac1 Qd7 14. Bf1 Nfd5 15. Bh2 Bd6 16. Bxd6 Qxd6 17. e4 Nxc3 18. bxc3 Bg6 19. e5 Qd7 20. Nf3 Bh5 21. c4 Rfb8 22. g3 Nc8 23. Bg2 Bg6 24. Nh4 Bh7 25. f4 a5 26. a4 Ra7 27. d5 exd5 28. cxd5 cxd5 29. Rxd5 Qe8 30. Rcd1 Ne7 31. Qb6 Ra6 32. Qd4 Nxd5 33. Bxd5 Bc2 34. Ra1 Qd8 35. Qc4 Rc8 36. Qa2 Qc7 37. Bb3 Bxb3 38. Qxb3 Qc5+ 39. Kh1 Rb6 40. Qf3 Qc3 41. Qxc3 Rxc3 42. Ra2 Rcb3 43. Ng2 Rb2 44. Ra3 R6b3 0-1